Sports Quiz

Random Sports or Basketball Quiz

NBA's best foreign players of all time Quiz Stats

 Plays Quiz not verified by Sporcle

Challenge
Share
Tweet
Embed
Score 0/20 Timer 05:00
0 Plays Today
Country of Citizenship Player % Correct
2. Germany (DAL)Dirk Nowitzki
94.3%
4. Spain (MEM, LAL)Pau Gasol
91.7%
8. China (HOU)Yao Ming
90.9%
5. Canada (PHO)Steve Nash
88.2%
10. Argentina (SAS)Manu Ginobili
86.3%
9. Belgium (SAS)Tony Parker
85.3%
1. Nigeria (HOU,TOR)Hakeem Olajuwon
84.4%
3. Jamaica (NYK)Patrick Ewing
77.7%
20. Serbia (LAL, SAC)Vlade Divac
73.1%
7. Democratic Republic of the Congo (ATL, HOU, DEN)Dikembe Mutombo
71.5%
Country of Citizenship Player % Correct
19. Turkey (SAC, ORL, TOR)Hedo Turkoglu
70.5%
16. Serbia (SAC, NO)Peja Stojakovic
68.6%
14. Sudan/England (CHI)Luol Deng
68%
13. Lithuania (CLE)Zydrunas Ilgauskas
65.9%
6. France (ATL)Dominique Wilkins
62.1%
12. Germany (SEA)Detlef Schrempf
55.9%
11. Croatia (CHI, MIL)Toni Kukoc
55.7%
17. Netherlands (IND)Rik Smits
52.1%
15. England (CHI, DET)Ben Gordon
46.2%
18. Lebanon (MIA)Rony Seikaly
26.1%

You're not logged in!

Compare scores with friends on all Sporcle quizzes.
Join for Free
OR
Log In

You Might Also Like...

Show Comments

Extras

Top Quizzes Today


Score Distribution

Your Account Isn't Verified!

In order to create a playlist on Sporcle, you need to verify the email address you used during registration. Go to your Sporcle Settings to finish the process.

Report this User

Report this user for behavior that violates our Community Guidelines.

Details: